NAJLEPSI POLSCY RAPERZY WEDŁUG WIEKU (18-42) - Statystyki

Ogólne statystyki
  • Ten quiz został rozwiązany 3 439 razy
  • Średni wynik to 15 z 41
Statystyki odpowiedzi
Wiek Raper/Traper % Poprawnych
20 Bedoes
82%
31 Białas
69%
27 Quebonafide
69%
22 White 2115
67%
23 ReTo
66%
28 Taco Hemingway
63%
33 Paluch
61%
24 Szpaku
60%
42 Peja
57%
19 Young Igi
57%
41 Borixon
54%
29 Malik Montana
49%
42 Tede
49%
21 Young Multi
45%
20 Jan Rapowanie
43%
22 Otsochodzi
43%
37 Kali
42%
26 Guzior
41%
41 Sokół
40%
38 Pezet
38%
35 Kękę
36%
18 Zeamsone
33%
38 O.S.T.R.
31%
26 Sarius
31%
35 Słoń
31%
24 Beteo
28%
22 Planbe
28%
32 Grubson
27%
29 Kartky
21%
26 Zbuku
21%
30 Kaen
16%
25 Deys
14%
34 Bezczel
12%
40 Rahim
12%
28 Sitek
11%
35 Zeus
11%
39 Eldo
9%
36 Łona
8%
36 Ten typ mes
8%
25 Sulin
7%
33 Hades
6%
Nie znaleziono quizów pasujących do podanych kryteriów
Rozkład punktacji
Procent ludzi z każdym wynikiem
Percentyl według liczby udzielonych odpowiedzi
Twoja historia wyników
Nie rozwiązałeś tego quizu